Statistics for India States with Highest Maximum Elevation

Click here to take the quiz!

General Stats

  • This quiz has been taken 12 times
  • The average score is 8 of 10

Answer Stats

Highest Point (m)Answer% Correct
8586Sikkim
100%
7060Arunachal Pradesh
91%
6813Himachal Pradesh
91%
7817Uttarakhand
91%
2695Kerala
82%
3841Nagaland
82%
2636Tamil Nadu
82%
2994Manipur
73%
2165Mizoram
73%
3636West Bengal
64%

Score Distribution

Percentile by Number Answered

Percent of People with Each Score

Your Score History

You have not taken this quiz